1438 1815 1923 1268 1641 1341 1093 1936 1850 1769 1118 1770 1423 1256 1484 1128 1318 1894 1183 1184 1897 1480 1299 1765 1025 1212 1363 1194 1710 1115 1367 1117 1187 1927 1171 1195 1636 1057 1089 1083 1355 1258 1277 1505 1902 1182 1866 1955 1310 1424 1992 1549 1293 1562 1428 1497 1942 1503 1206 1206 1629 1376 1689 1547 1211 1479 1589 1830 1635 1264 1037 1847 1515 1197 1357 1829 1793 1479 1536 1479 1997 1950 1987 1467 1170 1684 1492 1186 1879 1728 1787 1221 1763 1060 1727 1045 1498 1308 1775 BCNSPRNW ULIB Ver.6.0+V

เปลี่ยนเป็นภาษาไทย

Change to English
 แสดงรายละเอียดบรรณานุกรม
  กลับหน้าหลัก

Brief Record : Get Marc (ISO 2709) : E-mail record : QR code < ปิดหน้าต่าง
LEADER : 00000nam 2200000uu 4500
001    13399112032
003     ULIB
008    110725s2544||||th 000 0 tha d
020    974966602x
020    9789749666029
050 04 H62^bส786ส 2544
100 0  สุธีระ ประเสริฐสรรพ์
245 10 สนุกกับงานวิจัย /^cสุธีระ ประเสริฐสรรพ์
250    พิมพ์ครั้งที่ 3
260    กรุงเทพฯ :^bสำนักงานกองทุนสนับสนุนการวิจัย,^c2544
300    xviii, 206 หน้า
505 2  วิจัยคืออะไร -- นักวิจัยได้อะไรจากการทำวิจัย --วิจัยกับมหาวิทยาลัยนอกระบบ -- Research policy vs policy research -- Infrastructure ของการจัดการงานวิจัยในมหาวิทยาลัย --บัณฑิตศึกษากับการวิจัย -- Literature review -- การพัฒนา proposal -- การทำวิจัยแบบชุดโครงการ -- การบริหารงานวิจัยต่างวัฒนธรรม -- Upstream management -- Downstream management -- การจัดการ proposal: หน้าที่ของผู้บริหารงานวิจัย -- ว่าด้วยผู้ทรงคุณวุฒิ -- Citationสำคัญตรงไหน -- บันไดของการเขียน paper เพื่อตีพิมพ์ -- Results and discussion -- ความสัมพันธ์ระหว่าง text รูป และตาราง -- ศิลปะของ คำ ประโยค และย่อหน้า
650  7 วิจัย
945    ^p120^l0^i016928
945    ^p120^l0^i016929
995    ทศพร
999 ^a ทศพร
รายการนี้ยังไม่มีแท็ก
คุณยังไม่ได้ล็อกอิน คุณสามารถมีกิจกรรมร่วมกับเว็บไซต์ได้ แต่ต้องล็อกอินก่อน ::
  ล็อกอิน

รายการสื่อสารสนเทศ

ลำดับที่ ประเภท เลขเรียก/บาร์โค้ด สถานที่ สถานะ
- ไม่พบข้อมูล -

รายการใกล้เคียง
    ผู้แต่ง [สุธีระ ประเสริฐสรรพ์]

    หัวเรื่อง [วิจัย]

BibComment


ยังไม่เคยถูกคอมเมนท์

คอมเมนท์ทรัพยากรรายการนี้
  คอมเมนท์: สนุกกับงานวิจัย ..


 Copyright 2026. Bcnsprnw @Library